| 000 | 00574nam a22001817a 4500 | ||
|---|---|---|---|
| 003 | OSt | ||
| 005 | 20250123104825.0 | ||
| 008 | 201103bs.f dr a|||e |||| 000 0 spa d | ||
| 040 |
_aDO-SdBNP _bspa _cBNPHU |
||
| 082 |
_axxx _bF438c |
||
| 100 | 1 |
_aFiallo Billini, Alberto E. _936391 |
|
| 240 | 1 | 1 | _aVIH/sida . |
| 245 | 1 | 0 | _aConstrucción de la respuesta Nacional y sus formas de participación social / |
| 260 |
_aSanto Domingo : _bPRE , El fondo mundial , _c[s.f.] |
||
| 300 |
_a[23 hojas.] ; _bEncuadernado en espiral. _c17 cm . |
||
| 490 | _aCOPRERSIDA . | ||
| 942 |
_2ddc _cLF2 |
||
| 999 |
_c49024 _d49024 |
||